Quizzes
Events
Quiz Creation
Community
Videos
Private Events
Remove Ads
Sign In
Join for FREE
Feedback
Dark Mode
Quiz Categories
Sports
Geography
Music
Movies
Television
Just For Fun
Miscellaneous
History
Literature
Language
Science
Gaming
Entertainment
Religion
Holiday
For Kids
Quiz Lab
Recent
Popular Today
Quiz Kudos Today
Editor Picks
Curator Picks
Quizzes by...
Day
Popularity
Type
Ratings
Length
Year
Community
Subscriptions
Recent Discussions
Orange Saloon
Badges
Playlists
Quests
Create
Leaderboards
Showdown
Live 5
Trivia Bingo
Activity
Puzzle Library
Sporcle Events
Private Events
Virtual Trivia
Globe League
Become a Host
Pub Owners
SporcleCon
Opinionation
Our Games
Videos
Blog
Mobile Apps
Partnerships
Remove Ads and Go Orange
Feedback
Sports
Athletes
MLB
NBA
NHL
NFL
Soccer
Sports Teams
WWE
NCAA
Football
Premier League
Basketball
Baseball
Hockey
Golf
Tennis
Cricket
Rugby
Auto Racing
Olympics
World Cup
Sports
Athletes
MLB
NBA
NHL
NFL
Soccer
Sports Teams
WWE
NCAA
Football
Premier League
Basketball
Baseball
Hockey
Golf
Tennis
Cricket
Rugby
Auto Racing
Olympics
World Cup
Random Quiz
Search Sporcle
×
Quiz Lab
Quiz Lab
Sports
Soccer
Type in answers that appear in a list
Type in answers that appear in a list
Classic
Best Score? Go Orange.
Stadiums in Europe Stats
Can you name the top 75 biggest stadiums in Europe (soccer)?
By
Angelooo
15m
75 Questions
395 Plays
395 Plays
395 Plays
Comments
Comments
Give Quiz Kudos
Give Quiz Kudos
-
- Ratings
hide this ad
Replay
Link that replays current quiz
Next Quiz
Link to next quiz in quiz playlist
You Got
0%
They Got
Avg Score
24%
Avg Friend Score
Upgrade to see
Score Distribution
Jump to the score distribution portion of the page
Score
0/75
Timer
15:00
0
Plays Today
Capacity
Stadium
% Correct
98.800
Camp Nou
94.9%
76.098
Old Trafford
84.8%
90.000
Wembley
81.3%
80.354
Santiago Bernabeu
79%
80.074
San Siro or Giuseppe Meazza
73.4%
45.000
Anfield Road
71.6%
69.901
Allianz Arena
65.6%
60.000
Emirates Stadium
64.1%
41.841
Stamford Bridge
64.1%
52.143
St James Park
53.9%
71.030
Athens Olympic
47.6%
53.000
Mestalla
45.8%
79.959
Stade de France
45.3%
72.698
Stadio Olimpico
41.5%
49.000
Stadium of Light
40.5%
60.506
Celtic Park
39.7%
51.324
Amsterdam Arena
39.5%
81.264
Westfalenstadion
39%
51.082
Ibrox
38.5%
48.000
City of Manchester Stadium
37.5%
42.062
Olympiastadion
34.9%
76.065
Olympiastadion
34.9%
69.060
Olympiastadion
34.9%
60.031
Velodrome
33.2%
48.712
Parc des Princes
31.9%
65.647
Estadio Da Luz
30.6%
43.275
Villa Park
30.4%
57.500
Vicente Calderon
29.9%
50.670
Hampden Park
29.9%
50.399
Dragao
29.6%
56.000
Olimpic Montjuic
27.6%
84.745
Luzhniki
26.8%
51.180
De Kuip
26.6%
61.027
Arena auf Schalke
24.8%
76.092
Ataturk Olimpiyat
22%
78.210
Estadio San Paolo
21.3%
74.500
Millennium Stadium
20.3%
43.051
Stade de Gerland
20%
Capacity
Stadium
% Correct
82.300
Croke Park
16.5%
55.000
Ramon Sanchez Pizjuan
12.9%
48.844
Ernst Happel Stadion
12.7%
50.000
Aviva Stadium
11.9%
57.000
Volksparkstadion
11.1%
50.149
Donbass Arena
10.6%
42.354
Westerstadion
10.6%
53.148
Borussia Park
9.9%
58.270
San Nicola
9.4%
51.500
Rheinstadion
8.9%
47.232
Artemio Franchi
8.1%
83.160
Olimpiyskiy
7.1%
52.300
Waldstadion
7.1%
50.300
Alvalade
7.1%
48.933
Niedersachsenstadion
6.3%
44.345
Zentralstadion
6.3%
68.976
Puskas Ferenc
5.8%
51.328
Crvena Zvezda
5.6%
53.586
Sukru Saracoglu
5.3%
50.997
Mungersdorfer
5.3%
50.024
Koning Boudewijn
5.1%
48.500
Fritz Walter Stadion
4.3%
41.810
Stade Felix Bollaert
4.3%
58.000
Hrazdan
3%
44.968
Frankenstadion
2.8%
51.295
Izmir Ataturk
2.5%
72.000
La Cartuja
2.3%
42.375
Dinamo Stadion
2.3%
55.000
Boris Paichadze
1.5%
43.200
Nya Ullevi
1.3%
55.500
Manuel Ruiz de Lopera
1%
43.000
Metalist
1%
48.000
Plovdiv Stadium
0.8%
43.090
Lecha
0.5%
43.384
Vassill Levski
0.3%
43.000
Slaski
0.3%
48.878
Olimpico Cordoba
0%
Quiz Playlist
Details
Report
Send in Message
Add To Playlist
Classic:
Type in answers that appear in a list
Quiz Source
Last Updated: Feb 16, 2017
Quiz Scoreboard
CHALLENGE
Sign Up to Join the Scoreboard
Show All
Scores
Hide
Comments
May contain spoilers
Recently Published
9x9 Crossword: Cartoon Network
by jackfrog10
Miscellaneous
3m
College Basketball Coaching Resumes
by pancakes188
Sports
9m
Billboard Blitz: Fleetwood Mac
by CooCooCachoo
Music
15s
More to Explore
Quiz From the Vault
Featured Blog Post
Where Did the Easter Bunny Come From?
hide this ad
You Might Also Like...
Tags
City Quiz
Europe Quiz
Soccer Quiz
biggest
Capacity
Stadiums
Today's Top Quizzes in Sports
Browse Sports
hide this ad
Today's Top Quizzes in Soccer
Browse Soccer
Top Contributed Quizzes in Sports
1
2022 World Cup Stars
2
Les meilleurs buteurs des matchs entre le PSG et l’OM
3
FIFA Club World Cup Champions
4
Les entraîneurs de l'OM et du PSG au 21e siècle
5
Criteria MLB: Left Handed Sluggers
6
AFC Teams Reveal (Wrong Answers Minefield)
7
2023 MLB Unique Player Accomplishments
8
Players with Multiple 50 Home Run Seasons
9
5-to-1: FBS Animal Nicknames
10
5-to-1: UK Sports Teams
Explore More
Trending Topics
Harry Potter
Anime
NBA
Disney
Kpop
Marvel
Crossword
Pokémon
NFL
Country
WWE
Song
The Office
Soccer
Puzzle
hide this ad
More By:
Angelooo
Quiz
Plays
Rating
Category
Featured
Created
Cycling ranking 2009
2,261
3.67
Sports
Mar 15, 2010
Goalkeepers of the FIFA WorldCup 1998
1,202
3.14
Sports
Feb 10, 2010
FIFA World Cup Champions (the players)
924
4.44
Sports
Mar 3, 2010
Host Cities for FIFA World Cup ever
762
4.33
Geography
Aug 3, 2010
FIFA World Cup 2006 quarterfinalists
711
4.00
Sports
Jan 29, 2010
Go to Creator's Profile
Score Distribution
Quiz Creator Spotlight
Angelooo
Follow
Send a Message
Quizzes Created
-
Created Quiz Play Count
-
More By This Creator
Popular Quizzes Today
1
Find the US States - No Outlines Minefield
2
Find the Countries of Europe - No Outlines Minefield
3
The Countries of the World
4
Find the US States
5
Risky Map Clicking: Biggest States A-Z
6
US States
7
Popular People in 1961
8
Movies - When Are They Set?
More Sports Quizzes
FC Nantes en L1
Quiz Lab
Trending Quizzes
Risky Map Clicking: Least Populous States A-Z
1-10 Letter G Words
1-10 Letter F Words
Risky Map Clicking: Next State Alphabetically
Adjectives in 80s TV Shows
Recently Updated
Leaping Animals
pecheneg
Reality TV Shows (A-Z)
bhenderson79
Rickey Henderson's Hall of Fame Teammates
pecheneg
Champions League XIs: Arsenal
pecheneg
Quick Pick: Celebrities in WWE's Hall of Fame
aduchscher
A-Z Keypad Blitz II
pecheneg
Multiple Oscar Actors
pecheneg
Mystery Phrase Blitz: Oscar 'Best Actors'
pecheneg
F. Scott Fitzgerald Novels
LTH
Pick 3 Villains
ddd62291
Trending Topics
NBA
Crossword
Marvel
Disney
Anime
Harry Potter
Kpop
The Office
Pokémon
WWE
Song
Soccer
Puzzle
NFL
Country
Your Account Isn't Verified!
In order to create a playlist on Sporcle, you need to verify the email address you used during registration. Go to your
Sporcle Settings
to finish the process.
Report this User
Report this user for behavior that violates our
Community Guidelines
.
Details:
Send Report
Go to the Sporcle.com Mobile Site →
Comments